| 000 | 00539nam a22001817a 4500 | ||
|---|---|---|---|
| 005 | 20260218140447.0 | ||
| 008 | 170911b2000 ag ||||| |||| 001 0dspa d | ||
| 020 | _a9507272453 | ||
| 050 | 0 | 4 |
_aKHA2587 _bK54 2000 |
| 100 | 1 | _aKielmanovich, Jorge L. | |
| 245 | 1 | 0 |
_aMedidas cautelares _c / Jorge L. Kielmanovich |
| 250 | _a1a ed. | ||
| 260 |
_aBuenos Aires : _bRubinzal - Culzoni Editores, _c2000 |
||
| 300 |
_a464 p. ; _c23 cm. |
||
| 504 | _aBibliografía : p. 425-433 | ||
| 650 | 4 |
_aMedidas cautelares _zArgentina |
|
| 942 |
_2lcc _cLIB |
||
| 999 |
_c136657 _d136657 |
||